000 00601nam a2200193Ia 4500
008 151119s9999||||xx |||||||||||||| ||und||
082 _a613.71
082 _bGKKV23532
100 _aगाला ध रा
245 _aस्थूलतेतून स्फूर्तीकडे
260 _a--
260 _b--
260 _c0
600 _aगाला ध रा
630 _aस्थूलतेतून स्फूर्तीकडे
700 _aगाला ध रा
730 _aस्थूलतेतून स्फूर्तीकडे
942 _cBOOK
999 _c1076172
_d1076169